00408nam a2200157Ia 450000500170000000800410001702000150005808200130007310000130008624500540009926000490015330000120020265000130021465000120022765000110023920240725021139.0240331s9999 xx 000 0 und d a9559102532 bNESa155 aNesiah,V 0aDebates in the Feminist Movement cVasuki, Nesiah aColombobSocial Scientists Associationc1996 a18 p ., aFeminism aHistory aSocial